ABC de la acupuntura : (Registro nro. 13053)

Detalles MARC
000 -CABECERA
Longitud fija campo de control 00730nam a2200181 a 4500
003 - • IDENTIFICADOR DELl NÚMERO DE CONTROL
Identificador del número de control CO-ViMGA
008 - • CÓDIGOS DE INFORMACIÓN DE LONGITUD FIJA
Códigos de información de longitud fija 141112s2004 ck r 000 u spa d
040 ## - FUENTE DE LA CATALOGACIÓN
Centro catalogador de origen CO-ViMGA
Lengua de catalogación spa
Centro transcriptor CO-ViMGA
082 04 - • NÚMERO DE LA CLASIFICACIÓN DECIMAL DEWEY
Número de clasificación (R) 615.892 M655
100 1# - • PUNTO DE ACCESO PRINCIPAL-NOMBRE DE PERSONA
Nombre de persona Moller, Erwim
245 10 - • TITULO PROPIAMENTE DICHO
Título ABC de la acupuntura :
Resto del título arte y ciencia de curar con agujas /
Mención de responsabilidad, etc. Erwim Moller
300 ## - • DESCRIPCIÓN FÍSICA
Extensión 141 p
505 ## - • NOTA DE CONTENIDO CON FORMATO
Nota de contenido con formato La medicina má antigua 11 - - Cómo actúa en su beneficio 21 - - La energía del cuerpo humano 31 - - Los 550 puntos de la salud 45 - - Las maravillas de una aguja 55 - - Los 12 meridianos 73 - - El tao del sexo 113 - - Más alla de la acupuntura 125
650 14 - • PUNTO DE ACCESO ADICIONAL DE MATERIA - TÉRMINO DE MATERIA
Término de materia o nombre geográfico como elemento inicial ACUPUNTURA
942 ## - ENTRADA DE ELEMENTOS AGREGADOS (KOHA)
Fuente de clasificaión o esquema Dewey Decimal Classification
Koha [por defecto] tipo de item LIbro
Existencias
Perdido Fuente de clasificación o esquema Estado Físico No para préstamo Forma de adquisición Localización permanente Localización actual Fecha adquisición Serie de enumeración / cronolog&íacute;a Préstamos totales Signatura completa Código de barras Fecha última consulta Número de copia Fecha del precio de reemplazo Tipo de item de Koha
  Dewey Decimal Classification     Sala Especializada Tercer Piso Biblioteca Pública Germán Arciniegas - Villavicencio Biblioteca Pública Germán Arciniegas - Villavicencio 12/04/2015 Volumen. 1 | 11/jun/2009   615.892 M655 00792 12/04/2015 Ej. 1 12/04/2015 LIbro









Instituto Departamental de Cultura del Meta - Red Departamental de Bibliotecas Públicas del Meta.